000 00989nam a2200289 a 4500
001 000111514
003 CHAP
005 20220329144215.0
008 150514s2014 it a |r| |||||||spa d
010 _a107976
011 _a108948
020 _a9789253084227
040 _cCHAP
090 _aFolleto 18495
110 1 _aFAO. Comisión de Recursos Genéticos para la Alimentación y la Agricultura
_9125293
245 1 0 _aPlan de accion mundial :
_bpara la conservacion, la utilizacion sostenible y el desarrollo de los recursos geneticos forestales /
_cpor FAO. Comisión de Recursos Genéticos para la Alimentación y la Agricultura.
260 _aRoma :
_bFAO,
_c2014.
300 _a36 p.
590 _aE5995AHE
_b05
_c20150514
_lUCH01
_h1045
650 1 4 _aBiodiversidad.
_912724
650 1 4 _aGenética forestal.
_947489
650 1 4 _aRecursos genéticos
_xConservación.
_995081
650 1 4 _aSeguridad alimentaria.
_9103673
901 _aBK
942 _cFOLL
942 _n0
999 _c107976
_d107976